| 000 | 00713nam a2200229 a 4500 | ||
|---|---|---|---|
| 999 |
_c2096 _d2096 |
||
| 001 | 2096 | ||
| 003 | BD-JhCC | ||
| 005 | 20171029182741.0 | ||
| 008 | 171029s2006 bg |||| ||a| 000 0 ben d | ||
| 020 | _a9844042771 | ||
| 035 | _a(BD-JhCC) 2096 | ||
| 040 |
_aBD-JhCC _dBD-JhCC |
||
| 041 | _aben | ||
| 082 |
_a891.4409 _bROY 2006 |
||
| 100 | _aরায়, ড.স্বপ্না | ||
| 245 |
_aবাংলাদেশের উপন্যাসে সমাজচেতনা / _cড.স্বপ্না রায় |
||
| 260 |
_aঢাকা : _bঅনুপম প্রকাশনী , _c2006 |
||
| 300 |
_a112 p .: _c22 cm . |
||
| 650 | _aBengali literature | ||
| 942 |
_2ddc _cBK |
||